000 00489nam a2200181Ia 4500
001 19545
005 20260306172701.0
008 260306t2003||||xx |||||||||||||| ||spa||
041 _aESP
082 _a340.4
_bC217
100 _aCarruitero Lecca, Francisco
_eAUT
245 0 _aLa sociología del derecho de Max Weber:
_bbases para una epistemología del derecho
260 _c2003
300 _a222 páginas :
_c21 cm.
650 _aGEN
654 _aCDE
942 _cLIB
_dJUS
_fJUS
_2ddc
_n
999 _c19545
_d19545